00205nam a2200097Ia 4500008004100000041001200041100001400053245002700067260000600094650000700100221030s9999 xx 000 0 und d aEnglish aVasu deva 0aE- Salescby Vasu deva c0 aMb